Basic English for computing

Zapisane w:
Opis bibliograficzny
1. autor: Glendinning, Eric H.
Format: Książka
Język:Undetermined
Wydane: Oxford Oxford Univ. Press 1999
Hasła przedmiotowe:
Etykiety: Dodaj etykietę
Nie ma etykietki, Dołącz pierwszą etykiete!
Thư viện lưu trữ: Trung tâm Học liệu Trường Đại học Cần Thơ
LEADER 00615nam a2200205Ia 4500
001 CTU_35422
008 210402s9999 xx 000 0 und d
020 |c 73000 
082 |a 428.24 
082 |b G558 
100 |a Glendinning, Eric H. 
245 0 |a Basic English for computing 
245 0 |c Eric H Glendinning, John McEwan 
260 |a Oxford 
260 |b Oxford Univ. Press 
260 |c 1999 
650 |a English language,English language 
650 |x Study and teaching,Textbooks for foreign speakers 
904 |i Minh,Qhieu đã sửa 
980 |a Trung tâm Học liệu Trường Đại học Cần Thơ